000 00251nam a2200109Ia 4500
008 260210s9999 xx 000 0 und d
020 _a9781788824200
100 _aFarrell
245 0 _aWorld Heritage Sites
260 _bEd-Tech Press
942 _cBPLAN
999 _c14235
_d14235